Austria State Capitals - Statistics

General Stats
  • This quiz has been taken 974 times
  • The average score is 8 of 9
Answer Stats
State Popul. Capital % Correct
Salzburg 145,871 Salzburg
98%
Vienna 1,741,246 Vienna
98%
Styria 265,778 Graz
94%
Tyrol 121,329 Innsbruck
93%
Upper Austria 191,501 Linz
92%
Carinthia 95,450 Klagenfurt
78%
Vorarlberg 28,203 Bregenz
70%
Lower Austria 51,926 St. Pölten
70%
Burgenland 13,351 Eisenstadt
68%
No matching quizzes found
Score Distribution
Percent of People with Each Score
Percentile by Number Answered
Your Score History
You have not taken this quiz